Atkins' Physical chemistry (Record no. 3317)

000 -LEADER
fixed length control field 00619nam a2200217 a 4500
001 - CONTROL NUMBER
control field 3317
003 - CONTROL NUMBER IDENTIFIER
control field BD-DhUET
008 - FIXED-LENGTH DATA ELEMENTS--GENERAL INFORMATION
fixed length control field 020621s2002 enka b 001 0 eng
020 ## - INTERNATIONAL STANDARD BOOK NUMBER
International Standard Book Number 0199255792
040 ## - CATALOGING SOURCE
Original cataloging agency UKM
Transcribing agency UKM
Modifying agency BD-DhUET
082 00 - DEWEY DECIMAL CLASSIFICATION NUMBER
Classification number 541
Item number ATK/2002
100 ## - MAIN ENTRY--PERSONAL NAME
Personal name Atkins, Peter
245 10 - TITLE STATEMENT
Title Atkins' Physical chemistry
Statement of responsibility, etc. by Peter Atkins and Julio De Pauls
250 ## - EDITION STATEMENT
Edition statement 7th ed.
260 ## - PUBLICATION, DISTRIBUTION, ETC. (IMPRINT)
Place of publication, distribution, etc. New York
Name of publisher, distributor, etc. Oxford University Press,
Date of publication, distribution, etc. 2002.
300 ## - PHYSICAL DESCRIPTION
Extent xxi, 1149 p.
Other physical details ill. ;
Dimensions 28 cm.
504 ## - BIBLIOGRAPHY, ETC. NOTE
Bibliography, etc Includes bibliographies
650 #0 - SUBJECT ADDED ENTRY--TOPICAL TERM
Topical term or geographic name as entry element Chemistry, Physical and theoretical.
700 1# - ADDED ENTRY--PERSONAL NAME
Personal name De Paula, Julio.
942 ## - ADDED ENTRY ELEMENTS (KOHA)
Koha item type General Book
Holdings
Koha issues (times borrowed) Koha normalized classification for sorting Koha date last borrowed Damaged status Date acquired Sublocation or collection (holding branch) Koha full call number Withdrawn status Source of classification or shelving scheme Koha out on loan Koha date last seen Copy number Price effective from Shelving location Not for loan Piece designation (barcode) Lost status Koha item type Location (home branch)
5541ATK20022026-04-11 2014-10-26Central Library, BUET541/ATK/2002  2026-04-252026-04-1112014-10-26Circulation section 96428 General BookCentral Library, BUET
3541ATK20022025-12-13 2014-10-26Central Library, BUET541/ATK/2002   2026-01-0422014-10-26Circulation section 96430 General BookCentral Library, BUET
 541_000000000000000_ATK_2002  2015-07-02Central Library, BUET541/ATK/2002   2015-07-0232015-07-02Reading section 96427 Reading ItemCentral Library, BUET
3541_000000000000000_ATK_20022024-10-20 2002-04-16Central Library, BUET541/ATK/2002  2025-10-202024-10-2042017-11-04Circulation section 96429 General BookCentral Library, BUET